Prototyping and modelmaking for product design
| Main Author: | |
|---|---|
| Format: | Book |
| Published: |
London :
Laurence King Publishing Ltd ,
2020
|
| Edition: | 2nd ed |
| Subjects: |
MARC
| LEADER | 00000cam a2200000 7i4500 | ||
|---|---|---|---|
| 001 | 0000278139 | ||
| 005 | 20201222153059.0 | ||
| 020 | |a 9781786275110 | ||
| 090 | 0 | 0 | |a 658.5752 |b HAL |
| 100 | 1 | |a Hallgrimsson, Bjarki | |
| 245 | 1 | 0 | |a Prototyping and modelmaking for product design |c Bjarki Hallgrimsson |
| 250 | |a 2nd ed | ||
| 260 | |a London : |b Laurence King Publishing Ltd , |c 2020 | ||
| 300 | |a 207p. ; |c 28cm. | ||
| 650 | 0 | |a Product design |x Planning | |
| 650 | 0 | |a Prototypes | |
| 999 | |a 00384651 |b BUKU |c RUJUKAN |e PERPUSTAKAAN KOMUNITI PETALING JAYA | ||